| 000 | 00495nam a22001697a 4500 | ||
|---|---|---|---|
| 005 | 20251124112244.0 | ||
| 008 | 251124b |||||||| |||| 00| 0 eng d | ||
| 020 | _a978-1-305-97061-8 | ||
| 100 | _aZILL, DENNIS G. | ||
| 245 |
_aA FIRST COURSE IN DIFFERENTIAL EQUATIONS _bWITH MODELING APPLICATIONS |
||
| 250 | _a10TH | ||
| 260 |
_bCENGAGE LEARNING _c2016 |
||
| 300 | _aXI,384P. | ||
| 500 | _aINCLUDES INDEX | ||
| 650 | _a1. DIFFERENTIAL EQUATIONS 2. MATHEMATICAL MODELS | ||
| 942 |
_2lcc _cBK |
||
| 999 |
_c216260 _d216260 |
||